00278nam a2200097Ia 4500082001600000100002000016245009200036260002600128300000700154650001900161 a547.75bPER10aPerera,M.G.L.M. aStudy of the quenching Pattern of BSA BY Salicylic acid and 3,5- dinitrosalicylic acid. aColombobIchemcc2007 a70 aSalicylie acid